Preliminary report on potential of rubber wood distillation as a source of chemicals (in Malaysia) (Record no. 47678)

MARC details
000 -LEADER
fixed length control field 00479nam a2200121Ia 4500
100 ## - MAIN ENTRY--AUTHOR NAME
Personal name Harris E M
245 #0 - TITLE STATEMENT
Title Preliminary report on potential of rubber wood distillation as a source of chemicals (in Malaysia)
260 ## - PUBLICATION, DISTRIBUTION, ETC. (IMPRINT)
Name of publisher In: Proceedings of the Tenth Processing Instructor;s Meeting, 19 June 1978, Kuala Lumpur, Malaysia, pp.69-87.
Year of publication 1978
500 ## - GENERAL NOTE
General note AGRIS CD 1975-1980
700 ## - ADDED ENTRY--PERSONAL NAME
Personal name Nor-Aisah-binti-Abdul-Aziz
942 ## - ADDED ENTRY ELEMENTS (KOHA)
Koha item type Bibliography RLWO
Holdings
Withdrawn status Lost status Damaged status Not for loan Home library Current library Date acquired Koha item type
      Bibliography RRII Library RRII Library 31/12/2021 Bibliography RLWO